Culture Générale #15 - Statistiques

Statistiques générales
  • Ce quiz a été pris 247 fois
    87 depuis la dernière actualisation
  • Le résultat moyen est 10 sur 20
Statistiques - réponses
Questions Réponses % Correct
Traditionnellement, combien de dents comporte une fourchette à escargot ? 2
96%
Quelle fleur portant un nom d'origine turque signifiant "turban" est l'un des symboles des Pays-Bas, où elle est majoritairement cultivée ? Tulipe
82%
Quelle femme marque l’histoire aux États-Unis en 1955, en refusant de céder sa place à un homme blanc dans un bus ? Rosa Parks
81%
Combien d’éditions du Tour de France n’ont aujourd’hui plus de vainqueur après l’annulation des victoires de Lance Armstrong ? 7
71%
Dans le brouillard, sous quel état se trouve l’eau ? Liquide
64%
Quel terme japonais est utilisé dans les arts martiaux pour signaler différents niveaux de maîtrise ou d’expérience ? Dan
63%
Quelle valeur permet de compléter cette suite logique : 4 - 7 - 13 - 25 - __ ? 49
62%
Quel animal s'écrit en anglais par le mot "raven" ? Corbeau
62%
Où se situait la cité antique de Troie ? en Turquie
62%
Quel pays d'Asie du Sud-Est est le premier à légaliser (en Asie) en 2024 un mariage pour les couples homosexuels ? la Thaïlande
62%
Qui est l’auteur du roman “À la recherche du temps perdu” ? Marcel Proust
51%
Quelle ville est la capitale de l’État américain du Texas ? Austin
47%
En quelle année Nelson Mandela reçoit-il le prix Nobel de la Paix ? 1993
42%
Quel oiseau peut être qualifié de "charbonnière" ? la Mésange
33%
Comment désigne-t-on une espèce animale dont l’embryon se développe à l’intérieur de l’utérus de la mère ? Vivipare
28%
Quel est le nom de l’équipe de basketball NBA qui joue à Manhattan ? New-York Knicks
27%
Quel est le festival américain "où tout est permis", qui se déroule dans le désert de Black Rock dans le Nevada ? Burning Man
23%
Comment s’appelait le pigeon décoré de la Croix de guerre pendant la Première Guerre mondiale ? Vaillant
21%
Quel est le nom de l’animateur britannique à la tête de l’émission de survie “Man vs Wild” ? Bear Grylls
17%
Comment appelle-t-on un nuage de gaz et de poussières interstellaires ? une Nébuleuse
17%
Aucun quiz correspondant
Distribution des résultats
% des personnes avec chaque résultat
Percentile par nombre de réponses
Votre historique - résultats
Vous n’avez pas pris ce quiz depuis la dernière actualisation